Richest Countries That Were Ever Communist, With Exceptions - Statistics

General Stats
  • This quiz has been taken 31 times
  • The average score is 6 of 10
Answer Stats
GDP / capita Country % Correct
$28,978 China
100%
$17,484 Vietnam
89%
$26,235 Azerbaijan
63%
$44,446 Kazakhstan
63%
$25,060 Armenia
59%
$20,448 Mongolia
59%
$30,749 Georgia
56%
$12,462 Uzbekistan
56%
$27,873 Turkmenistan
52%
$21,672 Grenada
26%
No matching quizzes found
Score Distribution
Percent of People with Each Score
Percentile by Number Answered
Your Score History
You have not taken this quiz